000 00415 a2200157 4500
003 Nust
005 20170207153550.0
040 _cNust
082 _a005.1
100 _aNaqvi, Syed Mubashir Abbas MSCS
245 _aImplementing a proxy server-an application level firewall
_cSyed Mubashir Abbas Naqvi, MSCS
260 _bMCS
_cJuly 1999
300 _aviii, 74 p
538 _aT2 and Shelf No 1
650 _aMSCS Thesis
942 _cTHS
999 _c188819
_d188819